Le Loir-et-Cher en images - Statistiques

Statistiques générales
  • Ce quiz a été pris 103 fois
  • Le résultat moyen est 13 sur 18
Statistiques - réponses
Par images Hint Réponse % Correct
Fleuve Loire
99%
Château qu'il a fait construire Chambord
97%
Préfecture Blois
96%
Zoo Beauval
95%
Roi de France François Ier
93%
Architecte de celui-ci Léonard de Vinci
92%
Pâtisserie Tarte Tatin
78%
Biscuiterie Saint-Michel
75%
Ancien ministre de la culture Jack Lang
70%
Chanteur de "Le Loir-et-Cher" Michel Delpech
67%
Région agricole au nord Beauce
66%
Château Cheverny / Moulinsart
65%
Région naturelle au sud Sologne
65%
Sous-préfecture Vendôme
62%
Petite ville "sur Cher" et fromage de chèvre Selles-sur-Cher
57%
Lieu d'une entrevue de 1940 Montoire
40%
Anciens bâtiments d'une chocolaterie Poulain
38%
Illusionniste Jean-Eugène Robert-Houdin
26%
Aucun quiz correspondant
Distribution des résultats
% des personnes avec chaque résultat
Percentile par nombre de réponses
Votre historique - résultats
Vous n’avez pas pris ce quiz